000 01450nam a2200373 a 4500
001 7515
003 BD-RjUL
005 20211208234430.0
008 140115t20061997nyua 001 0 eng
020 _a0070601747
020 _a9780070601741
035 _a(BD-RjUL)7559
040 _aDLC
_cDLC
_dDLC
_dBD-RjUL
_beng
041 _aeng
082 0 0 _a510
_221
_bLID 2006
100 1 _aLipschutz, Seymour.
_9893
245 0 0 _aDiscrete mathematics /
_cSeymour Lipschutz, Marc Lars Lipson and Varsha H. Patil
250 _a2nd ed.
260 _aNew York ;
_aNew Delhi :
_bMcGraw-Hill,
_cc1997 [2006].
300 _avarious pagings :
_bill. ;
_c24 cm.
490 0 _aSchaum's outline series
500 _aIncludes index.
505 0 _aSet theory -- Functions and algorithms -- Logic and propositional calculus -- Counting -- Relations -- Graph theory -- Binary trees -- Boolean algebra -- Languages, grammars, machines.
650 0 _aMathematics.
_9119679
650 0 _aAlgebra, Abstract
_vOutlines, syllabi, etc.
_9119680
650 0 _aCombinatorial analysis
_vOutlines, syllabi, etc.
_923454
650 0 _aLogic, Symbolic and mathematical
_vOutlines, syllabi, etc.
_923455
700 1 _aLipson, Marc Lars.
_923456
700 1 _aPatil, Varsha H.
_tSchaum's outline of theory and problems of discrete mathematics.
_923457
942 _2ddc
_cBK
_04
999 _c7515
_d7515